<?xml version="1.0" encoding="UTF-8"?>
<collection xmlns="http://www.loc.gov/MARC21/slim">
<record>
  <controlfield tag="001">171669</controlfield>
  <controlfield tag="005">20260527123127.0</controlfield>
  <datafield tag="024" ind1="7" ind2=" ">
    <subfield code="2">doi</subfield>
    <subfield code="a">10.1016/j.impact.2026.100631</subfield>
  </datafield>
  <datafield tag="024" ind1="8" ind2=" ">
    <subfield code="2">sideral</subfield>
    <subfield code="a">149433</subfield>
  </datafield>
  <datafield tag="037" ind1=" " ind2=" ">
    <subfield code="a">ART-2026-149433</subfield>
  </datafield>
  <datafield tag="041" ind1=" " ind2=" ">
    <subfield code="a">eng</subfield>
  </datafield>
  <datafield tag="100" ind1=" " ind2=" ">
    <subfield code="a">Polanco-Garriz, Itziar</subfield>
  </datafield>
  <datafield tag="245" ind1=" " ind2=" ">
    <subfield code="a">Using simple to more robust in vitro methods based on human pulmonary models to evaluate the acute and subacute toxicity of micro- and nanoplastics derived from 3D printing materials</subfield>
  </datafield>
  <datafield tag="260" ind1=" " ind2=" ">
    <subfield code="c">2026</subfield>
  </datafield>
  <datafield tag="520" ind1="3" ind2=" ">
    <subfield code="a">Mechanical recycling and other processes involved in the end-of-life treatment of 3D-printed plastic polymers can lead to the generation of micro- and nanoplastics (MNPs). As the use of these materials continues to grow, the mechanical degradation of plastics from 3D printing may increase human exposure to MNPs, raising concerns about potential health risks for users and environmental impacts. One of the main routes of exposure to MNPs is via inhalation. For regulatory purposes, most of inhalation studies have been performed using rodents and following the OECD TG 412, however, these models do not accurately mimic the physiology of the human pulmonary system. As alternative, New Approach Methodologies (NAMs) based on human in vitro models have been used lately, providing simple and valuable, and physiologically relevant tools for research. In this work, simple in vitro models using Calu-3 and TK6 cells were exposed for 24 h (acute) and the advanced primary human epithelial MucilAir™ model was exposed for 24 h (acute) and 28 days (sub-acute, adapting the OECD TG 412) to MNPs made of polypropylene (PP), polycarbonate (PC), PP + silver nanoparticles (PP + Ag) and PC + single wall carbon nanotubes (PC + SWCNT). The results showed no significant toxicity of MNPs in acute exposures using the Calu-3 and TK6 models. In contrast, significant effects were observed along time after acute and subacute exposure of MucilAir™ to the different MNPs. These results indicate that robust in vitro models such as MucilAir™ may represent a valuable NAM for acute and sub-acute inhalation toxicity studies.</subfield>
  </datafield>
  <datafield tag="506" ind1="0" ind2=" ">
    <subfield code="a">Access copy available to the general public</subfield>
    <subfield code="f">Unrestricted</subfield>
  </datafield>
  <datafield tag="536" ind1=" " ind2=" ">
    <subfield code="9">info:eu-repo/grantAgreement/EC/HORIZON EUROPE/101137324/EU/Safe and sUstainable by desigN: integRated approaches for Impact aSsessment of advanced matErials/SUNRISE</subfield>
    <subfield code="9">info:eu-repo/grantAgreement/EC/H2020/862419/EU/Simple, robust and cost-effective approaches to guide industry in the development of safer nanomaterials and nano-enabled products/SAbyNA</subfield>
    <subfield code="9">This project has received funding from the European Union’s Horizon 2020 research and innovation program under grant agreement No H2020 862419-SAbyNA</subfield>
  </datafield>
  <datafield tag="540" ind1=" " ind2=" ">
    <subfield code="9">info:eu-repo/semantics/openAccess</subfield>
    <subfield code="a">by-nc-nd</subfield>
    <subfield code="u">https://creativecommons.org/licenses/by-nc-nd/4.0/deed.es</subfield>
  </datafield>
  <datafield tag="655" ind1=" " ind2="4">
    <subfield code="a">info:eu-repo/semantics/article</subfield>
    <subfield code="v">info:eu-repo/semantics/publishedVersion</subfield>
  </datafield>
  <datafield tag="700" ind1=" " ind2=" ">
    <subfield code="a">Carrillo-Romero, Juliana</subfield>
  </datafield>
  <datafield tag="700" ind1=" " ind2=" ">
    <subfield code="a">Venäläinen, Mari</subfield>
  </datafield>
  <datafield tag="700" ind1=" " ind2=" ">
    <subfield code="a">Lyyränen, Jussi</subfield>
  </datafield>
  <datafield tag="700" ind1=" " ind2=" ">
    <subfield code="a">Pulli, Hanna</subfield>
  </datafield>
  <datafield tag="700" ind1=" " ind2=" ">
    <subfield code="a">Suhonen, Satu</subfield>
  </datafield>
  <datafield tag="700" ind1=" " ind2=" ">
    <subfield code="a">Vermeulen, Jolanda</subfield>
  </datafield>
  <datafield tag="700" ind1=" " ind2=" ">
    <subfield code="a">Ruijter, Nienke</subfield>
  </datafield>
  <datafield tag="700" ind1=" " ind2=" ">
    <subfield code="a">Candalija Iserte, Ana</subfield>
  </datafield>
  <datafield tag="700" ind1=" " ind2=" ">
    <subfield code="a">Salmatonidis, Apostolos</subfield>
  </datafield>
  <datafield tag="700" ind1=" " ind2=" ">
    <subfield code="a">Carriere, Marie</subfield>
  </datafield>
  <datafield tag="700" ind1=" " ind2=" ">
    <subfield code="a">Lofty, Morgan</subfield>
  </datafield>
  <datafield tag="700" ind1=" " ind2=" ">
    <subfield code="a">Boyles, Matthew</subfield>
  </datafield>
  <datafield tag="700" ind1=" " ind2=" ">
    <subfield code="a">Lotti, Davide</subfield>
  </datafield>
  <datafield tag="700" ind1=" " ind2=" ">
    <subfield code="a">Guzmán-Mínguez, Jesús C.</subfield>
  </datafield>
  <datafield tag="700" ind1=" " ind2=" ">
    <subfield code="a">Fernández, José F.</subfield>
  </datafield>
  <datafield tag="700" ind1=" " ind2=" ">
    <subfield code="a">Cassee, Flemming</subfield>
  </datafield>
  <datafield tag="700" ind1=" " ind2=" ">
    <subfield code="a">Catalán, Julia</subfield>
    <subfield code="u">Universidad de Zaragoza</subfield>
    <subfield code="0">(orcid)0000-0003-2936-242X</subfield>
  </datafield>
  <datafield tag="700" ind1=" " ind2=" ">
    <subfield code="a">Rodríguez-Llopis, Isabel</subfield>
  </datafield>
  <datafield tag="700" ind1=" " ind2=" ">
    <subfield code="a">Vázquez-Campos, Socorro</subfield>
  </datafield>
  <datafield tag="700" ind1=" " ind2=" ">
    <subfield code="a">Goñi de Cerio, Felipe</subfield>
  </datafield>
  <datafield tag="700" ind1=" " ind2=" ">
    <subfield code="a">Katsumiti, Alberto</subfield>
  </datafield>
  <datafield tag="710" ind1="2" ind2=" ">
    <subfield code="1">1001</subfield>
    <subfield code="2">420</subfield>
    <subfield code="a">Universidad de Zaragoza</subfield>
    <subfield code="b">Dpto. Anatom.,Embri.Genét.Ani.</subfield>
    <subfield code="c">Área Genética</subfield>
  </datafield>
  <datafield tag="773" ind1=" " ind2=" ">
    <subfield code="g">42 (2026), 100631 [16 pp.]</subfield>
    <subfield code="t">NanoImpact</subfield>
    <subfield code="x">2452-0748</subfield>
  </datafield>
  <datafield tag="856" ind1="4" ind2=" ">
    <subfield code="s">4403620</subfield>
    <subfield code="u">http://zaguan.unizar.es/record/171669/files/texto_completo.pdf</subfield>
    <subfield code="y">Versión publicada</subfield>
  </datafield>
  <datafield tag="856" ind1="4" ind2=" ">
    <subfield code="s">2125764</subfield>
    <subfield code="u">http://zaguan.unizar.es/record/171669/files/texto_completo.jpg?subformat=icon</subfield>
    <subfield code="x">icon</subfield>
    <subfield code="y">Versión publicada</subfield>
  </datafield>
  <datafield tag="909" ind1="C" ind2="O">
    <subfield code="o">oai:zaguan.unizar.es:171669</subfield>
    <subfield code="p">articulos</subfield>
    <subfield code="p">driver</subfield>
  </datafield>
  <datafield tag="951" ind1=" " ind2=" ">
    <subfield code="a">2026-05-27-11:26:12</subfield>
  </datafield>
  <datafield tag="980" ind1=" " ind2=" ">
    <subfield code="a">ARTICLE</subfield>
  </datafield>
</record>
</collection>